Desarrollo de la metodología en ciencias sociales en América Latina: posiciones teóricas y proyectos de sociedad /

محفوظ في:
التفاصيل البيبلوغرافية
المؤلف الرئيسي: Cortés, Fernando
التنسيق: نص
الوسوم: إضافة وسم
لا توجد وسوم, كن أول من يضع وسما على هذه التسجيلة!

MARC

LEADER 00000 a a2200000 04500
001 48847
003
040
100 |a Cortés, Fernando  
245 |a Desarrollo de la metodología en ciencias sociales en América Latina:   |b posiciones teóricas y proyectos de sociedad /  |c Fernando Cortés  
773 |g volumen23, número45, (2015), páginas 181-202  
999 |c 21453  |d 21453